|
|
|
|
| LEADER |
00000nab a2200000 a 4500 |
| 001 |
vtls000688884 |
| 003 |
SK-MaSNL |
| 005 |
20260319075629.0 |
| 008 |
160314c1999 xo 0 hun |
| 015 |
|
|
|a SNBRB1999/03-05421
|
| 035 |
|
|
|a CLN000041051
|
| 040 |
|
|
|a SNKBUCL
|b slo
|c SNKBUCL
|e AACR2
|
| 041 |
0 |
|
|a slo
|
| 044 |
|
|
|a xo
|c SK
|
| 080 |
|
|
|a 82.09:894.511 (437.6)-1(048)
|2 UDC-MRF-SK2
|
| 080 |
|
|
|a 894.511 (437.6)-1(048)
|2 UDC-MRF-SK2
|
| 100 |
1 |
|
|a Németh, Zoltán,
|d 1970-
|4 aut
|9 102330
|
| 245 |
1 |
0 |
|a Csontos Vilmos Hattyúdala a népnek
|b mindig a népiesség az, amivel elsőként találkozunk, ha a róla szóló kritikákat, írásokat olvassuk
|c Németh Zoltán
|
| 300 |
|
|
|b Obr.
|
| 650 |
0 |
7 |
|a lyrické básne, maďarské
|x recenzie
|2 snkbucl
|9 13369
|
| 773 |
0 |
|
|t Új szó
|g Roč. 52, č. 70 (25.3.1999), s. 9
|
| 787 |
0 |
8 |
|i Rec.:
|a Csontos, Vilmos, 1908-
|t Hattyúdal
|d Dunaszerdahely : Lilium Aurum, 1998
|z 8080620075
|w SK01SNK19980304489
|
| 850 |
|
|
|a Slovenská národná knižnica v Martine
|
| 852 |
|
|
|a SNK
|b KIS3GCP
|
| 958 |
|
|
|a HU
|
| 958 |
|
|
|a SK
|
| 958 |
|
|
|a LX
|
| 958 |
|
|
|a RBX
|
| 999 |
|
|
|c 1414949
|d 1416879
|